| 000 | 00763nam a2200241 i 4500 | ||
|---|---|---|---|
| 001 | bg | ||
| 100 | 1 | _aMajewski, Edward. | |
| 245 | 1 | 0 |
_aTrwały rozwój i trwałe rolnictwo : _bteoria a praktyka gospodarstw rolniczych / _cEdward Majewski. |
| 260 |
_aWarszawa : _bWydawnictwo SGGW, _c2008. |
||
| 300 |
_a199 s. : _bil. ; _c24 cm. |
||
| 504 | _aBibliogr. s. 193-199. | ||
| 650 | 9 |
_aGospodarstwo rolne _xbadanie _xmetody |
|
| 650 | 9 | _aEkorozwój | |
| 020 | _a9788372449610 | ||
| 040 | _cBPK | ||
| 041 | _apol | ||
| 044 | _aPOL | ||
| 080 | _a338.43:631.1:502.13/.14](075.8) | ||
| 920 | _a978-83-7244-961-0 | ||
| 942 | _cKS | ||
| 008 | s pl f |000 0 pol | ||
| 999 |
_c55960 _d55960 |
||
| 856 |
_uhttp://koha.tu.koszalin.pl/cgi-bin/koha/opac-detail.pl?biblionumber=55960 _yKatalog online BPK |
||